000 00344 a2200157 4500
001 48405
020 _a9788555430985
040 _cAnchieta - Bela Vista
100 _aKunnas, Mauri
240 1 0 _aAventuras no espaço
_lpor
245 1 0 _aAventuras no espaço
300 _a53
362 0 _a2017
650 4 _aLiteratura juvenil
942 _cBK
999 _c48405
_d48405